000
00262 a2200109 4500
001
31462
090
_c
21346
_d
21346
100
_a
Ekedahl, Michael
245
_a
Visual Basic 6; Desktop Exam Preparation Guide (MCSD)
260
_a
New Delhi
_b
Dream Tech
505
_a
CD/DVD
942
_a
NUST-CAE
999
_c
266535
_d
266535